Indexy cien za lesníctvo v Slovenskej republike - 2/1998

Uložené v:
Podrobná bibliografia
Médium: Kniha
Jazyk:Slovak
English
Vydavateľské údaje: Bratislava Štatistický úrad Slovenskej republiky 1998
Edícia:Ceny
Predmet:
Tagy: Pridať tag
Žiadne tagy, Buďte prvý, kto otaguje tento záznam!

MARC

LEADER 00000nam a2200000 4500
001 c100765
005 20251201131226.1
041 0 |a slo 
041 0 |a eng 
044 |a SK 
245 1 0 |a Indexy cien za lesníctvo v Slovenskej republike - 2/1998 
264 1 |a Bratislava  |b Štatistický úrad Slovenskej republiky  |c 1998 
300 |a 17 s. 
490 1 |a Ceny 
830 0 |a Ceny 
610 2 0 |a Slovensko 
610 2 0 |a lesníctvo 
610 2 0 |a indexy cenové